000 00723nam a2200253 a 4500
999 _c4436
_d4436
003 UkOxU
005 20220323102642.0
008 900404s1989 enka 000 0 eng d
020 _a0340376864
040 _cALUPE UNIVERSITY
050 0 _aRB40
_b.C44 1989
092 _aD0400566015
100 1 _aBaron, D. N.
245 1 2 _aA new short textbook of chemical pathology
250 _a5th ed
260 _aLondon :
_bEdward Arnold,
_c1989
300 _avii, 280 p
650 0 _aClinical chemistry
700 1 _aBaron, D. N.
_q(Denis Neville).
_tShort textbook of chemical pathology.
700 1 _aLee, K. E.
700 1 _aWhicher, J. T.
942 _2lcc
_cBK